| 000 | 00567nam a2200169 i 4500 | ||
|---|---|---|---|
| 001 | 21398 | ||
| 003 | ES-MaACL | ||
| 005 | 20230906152454.0 | ||
| 007 | t| | ||
| 008 | 021125s1967 sp |||| | spa d | ||
| 110 | 2 |
_aAgrupación Sindical Económica de la Fibra Artificial Cortada (Madrid) _91298 |
|
| 245 | 1 | 0 |
_aMemoria e informe económico, 1966 / _cSindicato Nacional Textil, ASEFA. |
| 260 |
_a[S.l. : _bs.n., _c1967] ( _fImp. Comercial Española de Ediciones) |
||
| 300 |
_a86 p. ; _c28 cm. |
||
| 650 | 4 |
_aFibras sintéticas. _9144280 |
|
| 852 |
_aES-MaACL _jC-32944 |
||
| 999 |
_c21398 _d21398 |
||